| 000 | 00368cam a22001097a 4500 | ||
|---|---|---|---|
| 008 | 180718b1995 xxu||||| |||| 00| 0 eng d | ||
| 100 | _aVagmai, SriRam Sharma Aacharya | ||
| 245 |
_aTeerth seven: kyon aur kaise? _cby SriRam Sharma Aacharya Vagmai;edited by Brahmverchasva |
||
| 260 |
_aMathura _bAkhand Jyoti Sansthan _c1995 |
||
| 650 | _aTeerth | ||
| 700 | _aBrahmverchasva | ||
| 999 |
_c439197 _d439197 |
||